000 00618nam a2200193Ia 4500
008 0000001988 sp a 0000000000spa00
090 _aPSP00 T93p1
100 1 _aTXillida, Pedro
_d1952
245 1 0 _aPedro Txillida
300 _a[24] p.
_c/ 21 cm.
500 _aCon el patronazgo del maestro venezolano Jesús Rafael Soto (q.e.p.d.)
600 0 0 _aTXILLIDA, PEDRO, 1952/
_xTRABAJOS PICTORICOS
650 1 4 _aARTE CONTEMPORANEO ESPAÑOL
650 1 4 _xCATALOGOS
650 1 4 _xEXPOSICIONES
650 1 4 _aPINTORES ESPAÑOLES
650 1 4 _aPINTURA ESPAÑOLA
999 _c4943
_d4943
260 _aMadrid : Yerba Blanca
_c1988